ბათუმის შოთა რუსთაველის სახელმწიფო უნივერსიტეტის ბიბლიოთეკა

თხზულებანი : 12. ტომად ტ. 6 (ბიბ.ჩანაწერი № 48721)

000 -LEADER
fixed length control field 00877nam a2200217Ia 4500
001 - CONTROL NUMBER
control field 15621
003 - CONTROL NUMBER IDENTIFIER
control field GE_BSU
008 - FIXED-LENGTH DATA ELEMENTS--GENERAL INFORMATION
fixed length control field 181216s||||||||xx |||||||||||||| ||und||
040 ## - CATALOGING SOURCE
Transcribing agency GE_BSU
080 ## - UNIVERSAL DECIMAL CLASSIFICATION NUMBER
Universal Decimal Classification number 821.161.1
100 ## - MAIN ENTRY--PERSONAL NAME
Personal name გორკი, მაქსიმ
245 ## - TITLE STATEMENT
Title თხზულებანი : 12. ტომად ტ. 6
245 ## - TITLE STATEMENT
Remainder of title პიესები
245 ## - TITLE STATEMENT
Statement of responsibility, etc. მთარგმნ. ა.მიქელაძის. ბ. ახოსპირელის. მ. გოგოლაშვილის. ფ.გოკიელის. ს. ვაჩნაძის. თ. კოპლატაძის რედ. დემნა შენგელია
260 ## - PUBLICATION, DISTRIBUTION, ETC.
Place of publication, distribution, etc. თბილისი
260 ## - PUBLICATION, DISTRIBUTION, ETC.
Name of publisher, distributor, etc. საბჭ. საქართველო
260 ## - PUBLICATION, DISTRIBUTION, ETC.
Date of publication, distribution, etc. 1961
300 ## - PHYSICAL DESCRIPTION
Extent 493გვ.23სმ.
653 ## - INDEX TERM--UNCONTROLLED
Uncontrolled term პიესები
942 ## - ADDED ENTRY ELEMENTS (KOHA)
Koha item type წიგნი
ეგზემპლარები
Withdrawn status Lost status Damaged status Not for loan Date acquired Barcode Date last seen Price effective from Koha item type
        2018-12-17 21147 2018-12-17 2018-12-17 წიგნი
        2018-12-17 21148 2018-12-17 2018-12-17 წიგნი
        2018-12-17 21149 2018-12-17 2018-12-17 წიგნი
        2018-12-17 21150 2018-12-17 2018-12-17 წიგნი
        2018-12-17 21151 2018-12-17 2018-12-17 წიგნი
        2018-12-17 21152 2018-12-17 2018-12-17 წიგნი